000 00888nam a22001935i 4500
001 154429
003 ES-MaACL
005 20230906205727.0
008 981105s1829 sp |||| | spa d
040 _aCYL
_bspa
_cCYL
100 1 _aGómez de la Cortina, José
_cConde de la Cortina.
_957895
245 1 0 _aCartilla historial ó Método para estudiar la historia /
_cpor José Gomez de la Cortina.
260 _aMadrid :
_b[s.n.],
_c1829 (
_fImprenta de Don Eusebio Aguado)
300 _a74 p., [1] h. de grab. ;
_c21 cm.
599 1 _aLa h. de grab calc.: "Esta medalla fué acuñada para perpetuar la memoria de D\pn\s Luis de Velasco y D\pn\s Vicente Gonzalez, defensores del Morro de la Havana durante la guerra de España con los Ingleses = año 1763"
740 0 _aMétodo para estudiar la historia.
752 _aEspaña -
_dMadrid
852 _aES-MaACL
_jG-15799
_z-- Rúst.
999 _c154429
_d154429